Canadian cases on the Law of torts: (Record no. 4563)
[ view plain ]
| 000 -LEADER | |
|---|---|
| fixed length control field | 00439nam a22001337a 4500 |
| 008 - FIXED-LENGTH DATA ELEMENTS--GENERAL INFORMATION | |
| fixed length control field | 140910b xxu||||| |||| 00| 0 eng d |
| 050 ## - LIBRARY OF CONGRESS CALL NUMBER | |
| Classification number | KE1232.A45.C36(1985 vol.31) |
| 245 ## - TITLE STATEMENT | |
| Title | Canadian cases on the Law of torts: |
| Remainder of title | Annotated. / |
| Statement of responsibility, etc. | edited by John Irvine. |
| 260 ## - PUBLICATION, DISTRIBUTION, ETC. | |
| Place of publication, distribution, etc. | Toronto: |
| Name of publisher, distributor, etc. | Carswell Co Ltd, |
| Date of publication, distribution, etc. | 1985. |
| 300 ## - PHYSICAL DESCRIPTION | |
| Extent | xi,321p.: |
| Dimensions | 23cm. |
| 440 ## - SERIES STATEMENT/ADDED ENTRY--TITLE | |
| Name of part/section of a work | Canadian cases on the Law of Torts. |
| Volume/sequential designation | vol.31. |
| 800 ## - SERIES ADDED ENTRY--PERSONAL NAME | |
| Personal name | Irvine, John. |
| 942 ## - ADDED ENTRY ELEMENTS (KOHA) | |
| Source of classification or shelving scheme | Library of Congress Classification |
| Koha item type | Books |
| Withdrawn status | Lost status | Source of classification or shelving scheme | Damaged status | Not for loan | Home library | Current library | Shelving location | Date acquired | Total Checkouts | Full call number | Barcode | Date last seen | Copy number | Price effective from | Koha item type |
|---|---|---|---|---|---|---|---|---|---|---|---|---|---|---|---|
| Library of Congress Classification | WISCONSIN INTERNATIONAL UNIVERSITY COLLEGE, GHANA - MAIN LIBRARY | WISCONSIN INTERNATIONAL UNIVERSITY COLLEGE, GHANA - MAIN LIBRARY | Law Library | 10/09/2014 | KE1232.A45.C36(1985 vol.31) | 495/13 | 10/09/2014 | 1 | 10/09/2014 | Books |
